00533nam a2200193Ii 450000100060000000300090000600800410001502000150005604000330007104100080010408200180011210000190013024500340014926400630018330000120024633600260025833700280028433800270031212114CO-ViMGA241108s9999||||xx |||||||||||||| ||und|| a8428317097 aCO-ViMGAbspaerdacCO-ViMGA0 aunk04a739.274 Ll7921 aJ. L. Llorente10aLa Joyería y sus técnicas 1a[Lugar de publicación no identificado] : Paraninfo, 1995 avolumen atextbtxt2rdacontent aunmediatedbn2rdamedia avolumebnc2rdacarrier